[Event "OP-2020-0-05009"]
[Site "LSS email"]
[Date "2020.08.17"]
[Round "?"]
[White "Dlugolecki, Grzegorz"]
[Black "Jokmin, Guido"]
[Result "1-0"]
[WhiteElo "1836"]
[BlackElo "685"]
[PlyCount "42"]
[EventDate "2020.08.11"]
[EventType "tourn (corr)"]
[EventRounds "4"]
[EventCountry "GER"]
[SourceTitle "Corr 2022"]
[Source "ChessBase"]
[SourceDate "2021.10.24"]
[SourceVersion "1"]
[SourceVersionDate "2021.10.24"]
[SourceQuality "1"]

1. e4 e6 2. d4 d5 3. Nc3 Bb4 4. exd5 exd5 5. Nf3 Bg4 6. h3 Bh5 7. Bd3 Qe7+ 8. Be3 Nd7 9. 0-0 Ngf6 10. g4 Bg6 11. g5 Nh5 12. Nxd5 Qd6 13. Nxb4 Qxb4 14. Bd2 Qd6 15. Re1+ Kf8 16. Nh4 Bxd3 17. Qxh5 Bc4 18. Nf5 Qg6 19. Qf3 c6 20. Bb4+ c5 21. dxc5 Qd6 1-0

[Event "OP-2020-0-05009"]
[Site "LSS email"]
[Date "2020.08.17"]
[Round "?"]
[White "Kuttner, Jaromir"]
[Black "Dlugolecki, Grzegorz"]
[Result "0-1"]
[WhiteElo "812"]
[BlackElo "1836"]
[PlyCount "34"]
[EventDate "2020.08.11"]
[EventType "tourn (corr)"]
[EventRounds "4"]
[EventCountry "GER"]
[SourceTitle "Corr 2022"]
[Source "ChessBase"]
[SourceDate "2021.10.24"]
[SourceVersion "1"]
[SourceVersionDate "2021.10.24"]
[SourceQuality "1"]

1. e4 e5 2. Nf3 Nc6 3. d4 exd4 4. Bc4 Nf6 5. e5 d5 6. Bb5 Ne4 7. Nxd4 Bd7 8. Bxc6 bxc6 9. 0-0 Be7 10. f3 Nc5 11. Be3 Na4 12. Nb3 Nxb2 13. Qd4 Nc4 14. Bf2 a5 15. Nc5 0-0 16. Nd2 Bxc5 17. Qxc5 Nxd2 0-1

[Event "OP-2020-0-05001"]
[Site "LSS email"]
[Date "2020.07.27"]
[Round "?"]
[White "Vodicka, Milan"]
[Black "Dlugolecki, Grzegorz"]
[Result "1/2-1/2"]
[WhiteElo "2057"]
[BlackElo "1860"]
[PlyCount "32"]
[EventDate "2020.07.25"]
[EventType "tourn (corr)"]
[EventRounds "4"]
[EventCountry "GER"]
[SourceTitle "Corr 2022"]
[Source "ChessBase"]
[SourceDate "2021.10.24"]
[SourceVersion "1"]
[SourceVersionDate "2021.10.24"]
[SourceQuality "1"]

1. d4 Nf6 2. c4 e6 3. Nf3 Be7 4. Nc3 d5 5. Bf4 0-0 6. e3 b6 7. Bd3 dxc4 8. Bxc4 Nd5 9. Qe2 Nxf4 10. exf4 Bb7 11. Rd1 Bb4 12. 0-0 Bxc3 13. bxc3 Qd6 14. Qe3 Nc6 15. Bd3 Ne7 16. Ne5 Nf5 1/2-1/2

[Event "OP-2020-0-04990"]
[Site "LSS email"]
[Date "2020.06.30"]
[Round "?"]
[White "Dlugolecki, Grzegorz"]
[Black "Shim Ng Min, Francis"]
[Result "1-0"]
[WhiteElo "1835"]
[BlackElo "1213"]
[PlyCount "33"]
[EventDate "2020.06.23"]
[EventType "tourn (corr)"]
[EventRounds "4"]
[EventCountry "GER"]
[SourceTitle "Corr 2022"]
[Source "ChessBase"]
[SourceDate "2021.10.24"]
[SourceVersion "1"]
[SourceVersionDate "2021.10.24"]
[SourceQuality "1"]

1. d4 d5 2. Nf3 Nf6 3. e3 e6 4. Bd3 Be7 5. 0-0 0-0 6. c4 dxc4 7. Bxc4 c5 8. Qe2 Nc6 9. dxc5 Bxc5 10. Nc3 a6 11. Rd1 Qc7 12. Bd3 b5 13. Bd2 Bb7 14. Ne4 Nxe4 15. Bxe4 h6 16. Rac1 Be7 17. Bxc6 1-0

[Event "OP-2020-0-04990"]
[Site "LSS email"]
[Date "2020.06.30"]
[Round "?"]
[White "Dlugolecki, Grzegorz"]
[Black "Vodicka, Milan"]
[Result "1/2-1/2"]
[WhiteElo "1835"]
[BlackElo "2010"]
[PlyCount "43"]
[EventDate "2020.06.23"]
[EventType "tourn (corr)"]
[EventRounds "4"]
[EventCountry "GER"]
[SourceTitle "Corr 2022"]
[Source "ChessBase"]
[SourceDate "2021.10.24"]
[SourceVersion "1"]
[SourceVersionDate "2021.10.24"]
[SourceQuality "1"]

1. e4 e5 2. Nf3 Nc6 3. Bb5 a6 4. Ba4 Nf6 5. 0-0 Be7 6. Re1 b5 7. Bb3 d6 8. c3 0-0 9. h3 Nb8 10. d4 Nbd7 11. Nbd2 Bb7 12. Bc2 Re8 13. Nf1 Bf8 14. Ng3 g6 15. a4 Bg7 16. Bd3 exd4 17. cxd4 c5 18. Bf4 cxd4 19. Bxd6 Re6 20. Ba3 Ne5 21. Nxe5 Rxe5 22. Qb3 1/2-1/2

[Event "OP-2020-0-04990"]
[Site "LSS email"]
[Date "2020.06.30"]
[Round "?"]
[White "Kuttner, Jaromir"]
[Black "Dlugolecki, Grzegorz"]
[Result "0-1"]
[WhiteElo "759"]
[BlackElo "1835"]
[PlyCount "38"]
[EventDate "2020.06.23"]
[EventType "tourn (corr)"]
[EventRounds "4"]
[EventCountry "GER"]
[SourceTitle "Corr 2022"]
[Source "ChessBase"]
[SourceDate "2021.10.24"]
[SourceVersion "1"]
[SourceVersionDate "2021.10.24"]
[SourceQuality "1"]

1. e4 c6 2. d4 d5 3. exd5 cxd5 4. Nf3 Nc6 5. Bb5 e6 6. Ne5 Qc7 7. Bf4 Nf6 8. c3 Bd6 9. Bg3 0-0 10. Nxc6 bxc6 11. Bd3 Rb8 12. Qc2 c5 13. dxc5 Qxc5 14. Nd2 e5 15. b4 Qb6 16. a4 e4 17. Be2 Bxg3 18. hxg3 Qc7 19. Nb3 Rxb4 0-1

[Event "OP-2020-0-04987"]
[Site "LSS email"]
[Date "2020.06.22"]
[Round "?"]
[White "Kuttner, Jaromir"]
[Black "Dlugolecki, Grzegorz"]
[Result "0-1"]
[WhiteElo "779"]
[BlackElo "1848"]
[PlyCount "20"]
[EventDate "2020.06.16"]
[EventType "tourn (corr)"]
[EventRounds "4"]
[EventCountry "GER"]
[SourceTitle "Corr 2022"]
[Source "ChessBase"]
[SourceDate "2021.10.24"]
[SourceVersion "1"]
[SourceVersionDate "2021.10.24"]
[SourceQuality "1"]

1. e4 e5 2. Nf3 Nc6 3. Bc4 Nf6 4. 0-0 Nxe4 5. Re1 d5 6. Bb5 Bc5 7. d4 exd4 8. Nxd4 0-0 9. Be3 Nxd4 10. Bxd4 Nxf2 0-1

[Event "OP-2020-0-04966"]
[Site "LSS email"]
[Date "2020.05.01"]
[Round "?"]
[White "Dlugolecki, Grzegorz"]
[Black "Churyaev, Aleksej"]
[Result "1-0"]
[WhiteElo "1833"]
[BlackElo "1011"]
[PlyCount "53"]
[EventDate "2020.04.27"]
[EventType "tourn (corr)"]
[EventRounds "4"]
[EventCountry "GER"]
[SourceTitle "Corr 2022"]
[Source "ChessBase"]
[SourceDate "2021.10.24"]
[SourceVersion "1"]
[SourceVersionDate "2021.10.24"]
[SourceQuality "1"]

1. e4 c5 2. Nf3 Nc6 3. d4 cxd4 4. Nxd4 a6 5. Nc3 d6 6. Be2 Nf6 7. Nxc6 bxc6 8. 0-0 g6 9. Bg5 Bg7 10. Qd2 Ng8 11. Bc4 Nf6 12. e5 Ng4 13. exd6 Qxd6 14. Qxd6 exd6 15. Rae1+ Kf8 16. Be7+ Kg8 17. Bxd6 Nf6 18. Re7 Be6 19. Rxe6 h5 20. Re7 Kh7 21. Bxf7 Rhd8 22. Be5 Rd2 23. Bb3 Kh8 24. Rxg7 Kxg7 25. Ne4 Rf8 26. Nxd2 Kh7 27. Nf3 1-0

[Event "OP-2020-0-04966"]
[Site "LSS email"]
[Date "2020.05.01"]
[Round "?"]
[White "Molina, Vicente Andres"]
[Black "Dlugolecki, Grzegorz"]
[Result "0-1"]
[WhiteElo "521"]
[BlackElo "1833"]
[PlyCount "46"]
[EventDate "2020.04.27"]
[EventType "tourn (corr)"]
[EventRounds "4"]
[EventCountry "GER"]
[SourceTitle "Corr 2022"]
[Source "ChessBase"]
[SourceDate "2021.10.24"]
[SourceVersion "1"]
[SourceVersionDate "2021.10.24"]
[SourceQuality "1"]

1. e4 e5 2. Nf3 Nc6 3. Bb5 a6 4. Bc4 Nf6 5. d3 Be7 6. c3 d5 7. exd5 Nxd5 8. 0-0 0-0 9. Re1 Bf6 10. d4 exd4 11. cxd4 Bg4 12. Nc3 Ndb4 13. a3 Bxf3 14. Qxf3 Nc2 15. d5 N6d4 16. Qh5 Nxe1 17. Be3 Nec2 18. Bd3 g6 19. Qg4 Nxa1 20. Bxd4 Re8 21. Bxf6 Re1+ 22. Bf1 Qxf6 23. Ne4 Qd4 0-1

[Event "OP-2020-0-04958"]
[Site "LSS email"]
[Date "2020.04.14"]
[Round "?"]
[White "Dlugolecki, Grzegorz"]
[Black "Molina, Vicente Andres"]
[Result "1-0"]
[WhiteElo "1825"]
[BlackElo "541"]
[PlyCount "39"]
[EventDate "2020.04.10"]
[EventType "tourn (corr)"]
[EventRounds "4"]
[EventCountry "GER"]
[SourceTitle "Corr 2022"]
[Source "ChessBase"]
[SourceDate "2021.10.24"]
[SourceVersion "1"]
[SourceVersionDate "2021.10.24"]
[SourceQuality "1"]

1. e4 c5 2. Nf3 d6 3. d4 cxd4 4. Nxd4 Nf6 5. Nc3 a6 6. Be2 e5 7. Nb3 Be6 8. 0-0 Be7 9. Be3 Nbd7 10. Bf3 Rc8 11. a4 Nb6 12. Re1 0-0 13. Na5 d5 14. Nxb7 Qc7 15. exd5 Qxb7 16. dxe6 e4 17. exf7+ Rxf7 18. Nxe4 Nxe4 19. Bd4 Rxf3 20. Qxf3 1-0

[Event "OP-2020-0-04958"]
[Site "LSS email"]
[Date "2020.04.14"]
[Round "?"]
[White "Verich, Oleg"]
[Black "Dlugolecki, Grzegorz"]
[Result "0-1"]
[WhiteElo "1016"]
[BlackElo "1825"]
[PlyCount "28"]
[EventDate "2020.04.10"]
[EventType "tourn (corr)"]
[EventRounds "4"]
[EventCountry "GER"]
[SourceTitle "Corr 2022"]
[Source "ChessBase"]
[SourceDate "2021.10.24"]
[SourceVersion "1"]
[SourceVersionDate "2021.10.24"]
[SourceQuality "1"]

1. c4 e5 2. Nc3 Nf6 3. g3 Bb4 4. Bg2 0-0 5. Qb3 Nc6 6. Bxc6 Bxc3 7. Qxc3 dxc6 8. Qxe5 b5 9. Nf3 Re8 10. Qd4 Qe7 11. 0-0 Qxe2 12. Nh4 Bh3 13. Ng2 Ng4 14. d3 Ne5 0-1

[Event "OP-2020-0-04949"]
[Site "LSS email"]
[Date "2020.03.28"]
[Round "?"]
[White "Dlugolecki, Grzegorz"]
[Black "Jokmin, Guido"]
[Result "1-0"]
[WhiteElo "1823"]
[BlackElo "720"]
[PlyCount "35"]
[EventDate "2020.03.25"]
[EventType "tourn (corr)"]
[EventRounds "4"]
[EventCountry "GER"]
[SourceTitle "Corr 2022"]
[Source "ChessBase"]
[SourceDate "2021.10.24"]
[SourceVersion "1"]
[SourceVersionDate "2021.10.24"]
[SourceQuality "1"]

1. e4 e6 2. d4 d5 3. Nd2 Nc6 4. Ngf3 Nf6 5. e5 Nd7 6. c3 f6 7. Bb5 fxe5 8. dxe5 Be7 9. 0-0 0-0 10. Re1 Qe8 11. Ba4 a6 12. Nf1 b5 13. Bc2 Nb6 14. Qd3 g6 15. Bh6 Rf5 16. Qd1 Rh5 17. Bf4 Bb7 18. Ng3 1-0

[Event "OP-2020-0-04931"]
[Site "LSS email"]
[Date "2020.02.24"]
[Round "?"]
[White "Churyaev, Aleksej"]
[Black "Dlugolecki, Grzegorz"]
[Result "0-1"]
[WhiteElo "995"]
[BlackElo "1836"]
[PlyCount "44"]
[EventDate "2020.02.20"]
[EventType "tourn (corr)"]
[EventRounds "4"]
[EventCountry "GER"]
[SourceTitle "Corr 2022"]
[Source "ChessBase"]
[SourceDate "2021.10.24"]
[SourceVersion "1"]
[SourceVersionDate "2021.10.24"]
[SourceQuality "1"]

1. e4 e5 2. f4 exf4 3. d4 Qh4+ 4. Ke2 Qe7 5. Nc3 Nf6 6. e5 d6 7. Nf3 Nc6 8. Bxf4 dxe5 9. dxe5 Bd7 10. h3 Nh5 11. Bh2 0-0-0 12. Qc1 f5 13. Kf2 Qe6 14. Be2 f4 15. Ng5 Qxe5 16. Nf7 Qc5+ 17. Ke1 Be7 18. Bg1 Bh4+ 19. Kd1 Bf5+ 20. Bd3 Qc4 21. Nxd8 Rxd8 22. Ke2 Bxd3+ 0-1

[Event "OP-2020-0-04928"]
[Site "LSS email"]
[Date "2020.02.17"]
[Round "?"]
[White "Dlugolecki, Grzegorz"]
[Black "Alberoni, Yoly"]
[Result "1-0"]
[WhiteElo "1818"]
[BlackElo "1850"]
[PlyCount "27"]
[EventDate "2020.02.17"]
[EventType "tourn (corr)"]
[EventRounds "4"]
[EventCountry "GER"]
[SourceTitle "Corr 2022"]
[Source "ChessBase"]
[SourceDate "2021.10.24"]
[SourceVersion "1"]
[SourceVersionDate "2021.10.24"]
[SourceQuality "1"]

1. e4 d6 2. d4 g6 3. Nc3 Bg7 4. Be2 c6 5. Nf3 Nf6 6. 0-0 0-0 7. h3 Nbd7 8. a4 Qc7 9. Be3 a5 10. Nd2 e5 11. d5 c5 12. Nc4 Ne8 13. Nb5 Qd8 14. Nbxd6 1-0

[Event "OP-2019-0-04902"]
[Site "LSS email"]
[Date "2019.12.29"]
[Round "?"]
[White "Dlugolecki, Grzegorz"]
[Black "Shim Ng Min, Francis"]
[Result "1-0"]
[WhiteElo "1850"]
[BlackElo "1178"]
[PlyCount "29"]
[EventDate "2019.12.20"]
[EventType "tourn (corr)"]
[EventRounds "4"]
[EventCountry "GER"]
[SourceTitle "Corr 2022"]
[Source "ChessBase"]
[SourceDate "2021.10.24"]
[SourceVersion "1"]
[SourceVersionDate "2021.10.24"]
[SourceQuality "1"]

1. e4 c5 2. Nf3 d6 3. d4 cxd4 4. Nxd4 Nf6 5. Nc3 g6 6. Be3 e5 7. Nf3 Bg7 8. Be2 0-0 9. Qd2 Ng4 10. Bg5 Qb6 11. Bc4 Nxf2 12. Qxf2 Qxb2 13. Kd2 Nc6 14. a3 Nd4 15. Nxd4 1-0